LEADER 01054nam0 2200289 450 001 000026271 005 20090708105914.0 100 $a20090708d1983----km-y0itaa50------ba 101 0 $aita 102 $aIT 200 1 $aSaggi italiani$fHugo von Hofmannsthal$ga cura di Lea Ritter Santini$gtraduzione di Marta Keller 210 $aMilano$c<> Mondadori$dc1983 215 $a134 p.$d19 cm 225 2 $aOscar saggi$v85 410 0$12001$aOscar saggi$v85 676 $a838.91208$v(21. ed.)$9Scritti miscellanei tedeschi. 1945-1990. Letteratura in prosa 700 1$aHofmannsthal,$bHugo : von$0319069 702 1$aSantini,$bLea Ritter 702 1$aKeller,$bMarta 801 0$aIT$bUniversità della Basilicata - B.I.A.$gRICA$2unimarc 912 $a000026271 996 $aSaggi italiani$990458 997 $aUNIBAS BAS $aLETTERE CAT $aEXT10$b01$c20090708$lBAS01$h1059 FMT Z30 -1$lBAS01$LBAS01$mBOOK$1BASA1$APolo Storico-Umanistico$2FMAS$BFondo Masini$3FMas/817/3013$6817/3013$5B817/3013$820090708$f04$FPrestabile Didattica LEADER 01715nam 2200445Ia 450 001 9910697550403321 005 20090528143539.0 035 $a(CKB)5470000002389449 035 $a(OCoLC)355329791 035 $a(EXLCZ)995470000002389449 100 $a20090528d2007 ua 0 101 0 $aeng 135 $aurcn||||||||| 181 $ctxt$2rdacontent 182 $cc$2rdamedia 183 $acr$2rdacarrier 200 14$aThe collaborative advantage$b[electronic resource] $erealizing the tangible benefits of regional transportation operations collaboration : a reference manual /$f[Jocelyn Bauer, Michael Smith, and April Armstrong] 210 1$aWashington, D.C. :$cFederal Highway Administration, Office of Operations,$d2007. 215 $a51 pages $cdigital, PDF file 300 $aTitle from title screen (viewed on May 28, 2009). 300 $a"August 2007." 320 $aIncludes bibliographical references. 517 $aCollaborative advantage 606 $aInteragency coordination$zUnited States 606 $aIntergovernmental cooperation$zUnited States 606 $aTransportation agencies$zUnited States$xPlanning 615 0$aInteragency coordination 615 0$aIntergovernmental cooperation 615 0$aTransportation agencies$xPlanning. 700 $aBauer$b Jocelyn$01387596 701 $aSmith$b Michael$092043 701 $aArmstrong$b April$01420721 712 02$aUnited States.$bFederal Highway Administration.$bOffice of Operations. 712 02$aScience Applications International Corporation. 801 0$bGPO 801 1$bGPO 906 $aBOOK 912 $a9910697550403321 996 $aThe collaborative advantage$93539579 997 $aUNINA